[Event "4NCL Division 2a"]
[Site "Daventry, ENG"]
[Date "2020.02.09"]
[Round "6.27"]
[White "Burnett, Leon P"]
[Black "Malola, Prasath.T.S"]
[Result "1-0"]
[WhiteElo "1819"]
[BlackElo "2110"]
[PlyCount "131"]
[EventDate "2020.02.09"]
[WhiteTeam "Anglian Avengers"]
[BlackTeam "North East England"]

1. c4 Nc6 2. g3 h5 3. h4 e5 4. Bg2 Nf6 5. Nc3 Bc5 6. e3 a6 7. Nge2 d6 8. d4
exd4 9. exd4 Ba7 10. Bg5 Ne7 11. Bxf6 gxf6 12. Qd2 c6 13. Qe3 Be6 14. b3 d5 15.
cxd5 cxd5 16. O-O Kf8 17. Rfd1 Ng6 18. Nf4 Nxf4 19. Qxf4 Rc8 20. Rac1 Kg7 21.
Bf3 Bb8 22. Qd2 f5 23. Ne2 Qf6 24. Nf4 Bxf4 25. Qxf4 Qh6 26. Qxh6+ Kxh6 27. Be2
Kg6 28. Rc5 b6 29. Rcc1 a5 30. Ba6 Ra8 31. Bb7 Ra7 32. Bc6 Rc8 33. Bb5 Rac7 34.
Rxc7 Rxc7 35. Rd2 f4 36. Kg2 Rc5 37. f3 fxg3 38. Kxg3 Bf5 39. Kf2 Kf6 40. Bf1
Bd7 41. Rb2 Bf5 42. Be2 Bc2 43. Ke1 Bg6 44. Kd2 Rc7 45. a4 Kf5 46. Ke3 Re7+ 47.
Kf2 Kf4 48. b4 Re3 49. bxa5 bxa5 50. Rb6 Ra3 51. Rf6+ Bf5 52. Rxf7 Ra2 53. Kf1
Kg3 54. Rxf5 Ra1+ 55. Bd1 Rxd1+ 56. Ke2 Rxd4 57. Rxh5 Kf4 58. Rg5 Rb4 59. Rg4+
Ke5 60. Rxb4 axb4 61. Kd3 Kf4 62. a5 b3 63. a6 b2 64. Kc2 d4 65. Kxb2 Ke3 66.
a7 1-0

[Event "4NCL Division 2a"]
[Site "Daventry, ENG"]
[Date "2020.02.09"]
[Round "6.28"]
[White "Moreby, Kurt"]
[Black "Heffer, Judith"]
[Result "1/2-1/2"]
[WhiteElo "1628"]
[BlackElo "1598"]
[PlyCount "31"]
[EventDate "2020.02.09"]
[WhiteTeam "North East England"]
[BlackTeam "Anglian Avengers"]

1. d4 e6 2. Nf3 f5 3. Nc3 Nf6 4. Bf4 Be7 5. h3 d6 6. e3 O-O 7. Bd3 Nc6 8. O-O
Qe8 9. Qd2 Bd8 10. e4 Nh5 11. exf5 Nxf4 12. Qxf4 Nb4 13. Qd2 Nxd3 14. Qxd3 exf5
15. Qc4+ Be6 16. d5 1/2-1/2

[Event "4NCL Division 2a"]
[Site "Daventry, ENG"]
[Date "2020.02.09"]
[Round "6.31"]
[White "Keetman, Maaike"]
[Black "Pitcher, John"]
[Result "0-1"]
[WhiteElo "2193"]
[BlackElo "2241"]
[PlyCount "66"]
[EventDate "2020.02.09"]
[WhiteTeam "Chessable White Rose 2"]
[BlackTeam "Warwickshire Select 1"]

1. e4 c5 2. Nf3 e6 3. d4 cxd4 4. Nxd4 a6 5. Bd3 Qc7 6. O-O Nc6 7. Nxc6 bxc6 8.
c4 Nf6 9. Nc3 e5 10. h3 Be7 11. Qe2 d6 12. c5 d5 13. b4 O-O 14. f4 a5 15. exd5
Nxd5 16. Qe4 Nf6 17. Qe2 axb4 18. fxe5 bxc3 19. exf6 Bxc5+ 20. Kh1 g6 21. Bf4
Qd8 22. Rad1 Re8 23. Bxg6 hxg6 24. Rxd8 Rxd8 25. Rc1 Be6 26. Rc2 Bd4 27. Be5 c5
28. Kh2 Rd5 29. Bxd4 cxd4 30. Qf3 Rad8 31. Qf4 Rf5 32. Qh4 d3 33. Rf2 Rh5 0-1

[Event "4NCL Division 2a"]
[Site "Daventry, ENG"]
[Date "2020.02.09"]
[Round "6.32"]
[White "Mason, Donald J"]
[Black "Gayson, Peter M"]
[Result "0-1"]
[WhiteElo "2140"]
[BlackElo "2140"]
[PlyCount "68"]
[EventDate "2020.02.09"]
[WhiteTeam "Warwickshire Select 1"]
[BlackTeam "Chessable White Rose 2"]

1. e4 c5 2. Nf3 e6 3. d4 cxd4 4. Nxd4 Nf6 5. Nc3 Nc6 6. Nxc6 bxc6 7. e5 Nd5 8.
Ne4 Qc7 9. f4 Qa5+ 10. Bd2 Qb6 11. Bd3 Be7 12. Qe2 f5 13. exf6 Nxf6 14. f5 Nxe4
15. Bxe4 O-O 16. Bc3 Ba6 17. Bd3 Bxd3 18. Qxd3 Bg5 19. h4 Rxf5 20. Bd4 Qb4+ 21.
Qc3 Qxc3+ 22. bxc3 Bf6 23. Rb1 Rb5 24. Rxb5 cxb5 25. g4 Rc8 26. Kd2 Rc4 27. Kd3
a6 28. g5 Bxd4 29. cxd4 Ra4 30. Ke4 Rxa2 31. Ke5 Rxc2 32. Kd6 Kf7 33. Kxd7 Rd2
34. Rf1+ Kg6 0-1

[Event "4NCL Division 2a"]
[Site "Daventry, ENG"]
[Date "2020.02.09"]
[Round "6.33"]
[White "Arnott, Jonathan W"]
[Black "Thomas, Nicholas"]
[Result "1-0"]
[WhiteElo "2127"]
[BlackElo "2196"]
[PlyCount "81"]
[EventDate "2020.02.09"]
[WhiteTeam "Chessable White Rose 2"]
[BlackTeam "Warwickshire Select 1"]

1. e4 e6 2. d4 d5 3. Nd2 Nc6 4. Ngf3 Nf6 5. e5 Nd7 6. Bd3 f6 7. Ng5 Ndxe5 8.
dxe5 fxg5 9. Qh5+ g6 10. Bxg6+ Kd7 11. c4 Nxe5 12. Bc2 Qf6 13. O-O c6 14. cxd5
exd5 15. f4 gxf4 16. Ne4 dxe4 17. Bxf4 Bc5+ 18. Kh1 Rf8 19. Rad1+ Bd6 20. Qxh7+
Ke8 21. Qh5+ Qf7 22. Qxf7+ Nxf7 23. Bxd6 Nxd6 24. Rxf8+ Kxf8 25. Rxd6 e3 26.
Rd8+ Ke7 27. Rd3 Be6 28. Rxe3 Rf8 29. Kg1 Kd6 30. Bb3 Bxb3 31. Rxb3 b5 32. h4
a5 33. h5 a4 34. Rh3 b4 35. h6 c5 36. h7 Rh8 37. Kf2 c4 38. Ke3 b3 39. axb3
cxb3 40. Kd3 Ke5 41. Kc3 1-0

[Event "4NCL Division 2a"]
[Site "Daventry, ENG"]
[Date "2020.02.09"]
[Round "6.34"]
[White "Bowcott-Terry, Finlay"]
[Black "Shaw, Peter"]
[Result "1-0"]
[WhiteElo "2162"]
[BlackElo "2052"]
[PlyCount "95"]
[EventDate "2020.02.09"]
[WhiteTeam "Warwickshire Select 1"]
[BlackTeam "Chessable White Rose 2"]

1. e4 d6 2. d4 Nf6 3. Nc3 c6 4. Nf3 Bg4 5. Be3 e6 6. Qd2 Be7 7. Be2 d5 8. e5
Nfd7 9. O-O O-O 10. Ne1 Bxe2 11. Nxe2 c5 12. f4 cxd4 13. Nxd4 Nc6 14. Nef3 Rc8
15. c3 a6 16. Qe2 b5 17. Nxc6 Rxc6 18. Nd4 Rc8 19. f5 Nxe5 20. fxe6 fxe6 21.
Nxe6 Rxf1+ 22. Rxf1 Qd7 23. Nxg7 Qg4 24. Qxg4 Nxg4 25. Bd4 Rf8 26. Nf5 Bf6 27.
h3 Bxd4+ 28. cxd4 Nf6 29. Rc1 Ne4 30. g4 h5 31. Rc7 hxg4 32. hxg4 Kh8 33. Rc6
Rf6 34. Rxf6 Nxf6 35. g5 Ne4 36. g6 a5 37. Kg2 a4 38. Kf3 b4 39. Kg4 a3 40.
bxa3 bxa3 41. Kh5 Kg8 42. Kh6 Nf6 43. Kg5 Ne4+ 44. Kf4 Nc3 45. Ke5 Kf8 46. Ke6
Kg8 47. g7 Ne4 48. Kxd5 1-0

[Event "4NCL Division 2a"]
[Site "Daventry, ENG"]
[Date "2020.02.09"]
[Round "6.35"]
[White "Ho, Conrad"]
[Black "Hanley, James L"]
[Result "1/2-1/2"]
[WhiteElo "2046"]
[BlackElo "2161"]
[PlyCount "96"]
[EventDate "2020.02.09"]
[WhiteTeam "Chessable White Rose 2"]
[BlackTeam "Warwickshire Select 1"]

1. e4 c5 2. Nc3 g6 3. Nf3 Bg7 4. d4 cxd4 5. Nxd4 Nc6 6. Nde2 d6 7. g3 Nf6 8.
Bg2 O-O 9. O-O Bd7 10. h3 Rc8 11. Kh2 Qb6 12. b3 Ne5 13. Bb2 Bc6 14. Rb1 Rfd8
15. Nd5 Bxd5 16. exd5 Qa5 17. a4 Ned7 18. c4 Qc7 19. Nd4 a6 20. Re1 Re8 21. Re3
Qb6 22. Qd2 Nc5 23. Bc3 Bh6 24. f4 Bg7 25. Ba5 Qa7 26. Rbe1 Kf8 27. R1e2 Ncd7
28. Bc3 Ng8 29. Bf3 Ndf6 30. g4 Nd7 31. Kg3 Nc5 32. h4 Nxa4 33. bxa4 Rxc4 34.
Re4 Rec8 35. Nc6 Qg1+ 36. Rg2 Qc5 37. Bxg7+ Kxg7 38. Rxc4 Qxc4 39. Qd4+ Qxd4
40. Nxd4 Rc4 41. Rd2 Rxa4 42. Kf2 Nf6 43. Ke3 Nd7 44. Bd1 Ra3+ 45. Rd3 Ra2 46.
Rd2 Ra3+ 47. Rd3 Ra2 48. Rd2 Ra3+ 1/2-1/2

[Event "4NCL Division 2a"]
[Site "Daventry, ENG"]
[Date "2020.02.09"]
[Round "6.36"]
[White "Baruch, Andrew J D"]
[Black "Burnett, Jim"]
[Result "0-1"]
[WhiteElo "2076"]
[BlackElo "2030"]
[PlyCount "38"]
[EventDate "2020.02.09"]
[WhiteTeam "Warwickshire Select 1"]
[BlackTeam "Chessable White Rose 2"]

1. e4 e6 2. d4 d5 3. Nd2 Nf6 4. Bd3 c5 5. dxc5 dxe4 6. Nxe4 Nxe4 7. Bxe4 Qxd1+
8. Kxd1 Bxc5 9. Ke2 O-O 10. Be3 Be7 11. f4 Nd7 12. Rd1 Nf6 13. Bf3 Bd7 14. b3
Rac8 15. Bxb7 Rxc2+ 16. Rd2 Bb5+ 17. Kd1 Rc7 18. Bf3 Bb4 19. Rc2 Rd8+ 0-1

[Event "4NCL Division 2a"]
[Site "Daventry, ENG"]
[Date "2020.02.09"]
[Round "6.37"]
[White "Busuioc, Alexandra"]
[Black "Page, Mark E"]
[Result "0-1"]
[WhiteElo "1921"]
[BlackElo "2110"]
[PlyCount "138"]
[EventDate "2020.02.09"]
[WhiteTeam "Chessable White Rose 2"]
[BlackTeam "Warwickshire Select 1"]

1. e4 c5 2. Nf3 d6 3. d4 cxd4 4. Nxd4 Nf6 5. Nc3 a6 6. Be3 e5 7. Nf3 Qc7 8. Be2
Be7 9. O-O O-O 10. Nd2 b5 11. Nd5 Nxd5 12. exd5 Bf5 13. c4 b4 14. Qb3 a5 15.
Bd3 a4 16. Qc2 Bxd3 17. Qxd3 f5 18. g3 Nd7 19. b3 e4 20. Qc2 Bf6 21. Rad1 axb3
22. Nxb3 Bc3 23. Qe2 Rac8 24. c5 dxc5 25. d6 Qc6 26. Qc4+ Kh8 27. Na5 Qb6 28.
Qe6 Qxa5 29. Qxd7 Qxa2 30. Qb7 Rb8 31. Qc7 Bd4 32. d7 Rbd8 33. Bxd4 cxd4 34.
Rxd4 b3 35. Qc4 Qa7 36. Rfd1 Qb7 37. Qb4 Qxb4 38. Rxb4 Rf7 39. Rxb3 Kg8 40. Rb8
Rxb8 41. d8=Q+ Rxd8 42. Rxd8+ Rf8 43. Rd7 g6 44. Kf1 Rf7 45. Rd8+ Kg7 46. Ke2
Ra7 47. h4 Kh6 48. Rd5 Kh5 49. Rb5 Kg4 50. Rb4 Kh3 51. Rb2 Kg2 52. Ke3 Ra3+ 53.
Ke2 Rf3 54. Ke1 e3 55. fxe3+ Kxg3 56. Rb7 Rxe3+ 57. Kf1 Kxh4 58. Rxh7+ Kg4 59.
Rg7 g5 60. Kf2 Ra3 61. Rg8 f4 62. Rg7 Ra2+ 63. Kg1 Kh4 64. Rf7 Kg3 65. Kf1 f3
66. Ke1 f2+ 67. Kf1 Ra1+ 68. Ke2 Re1+ 69. Kd2 f1=Q 0-1

[Event "4NCL Division 2a"]
[Site "Daventry, ENG"]
[Date "2020.02.09"]
[Round "6.38"]
[White "Cooper, David M"]
[Black "Chan, Sheng Liang Bernard"]
[Result "0-1"]
[WhiteElo "2015"]
[BlackElo "1802"]
[PlyCount "92"]
[EventDate "2020.02.09"]
[WhiteTeam "Warwickshire Select 1"]
[BlackTeam "Chessable White Rose 2"]

1. Nf3 d5 2. c4 e6 3. g3 Nf6 4. Bg2 Be7 5. O-O O-O 6. b3 c5 7. e3 Nc6 8. Bb2 d4
9. exd4 cxd4 10. d3 e5 11. Re1 Bd6 12. Ba3 Bxa3 13. Nxa3 Re8 14. Nc2 a5 15. h3
h6 16. a3 Bf5 17. b4 axb4 18. Nxb4 Qd6 19. Nd5 Rxa3 20. Nxf6+ gxf6 21. Rxa3
Qxa3 22. Bf1 Qc3 23. Nh4 Bg6 24. Qb1 Nb4 25. Nxg6 fxg6 26. Rc1 Qa3 27. c5 Re7
28. Rc4 Nc6 29. Qb5 Qa5 30. Qb3 Kg7 31. Ra4 Qxc5 32. Ra8 Rf7 33. Qe6 Qe7 34.
Qc4 Rf8 35. Ra4 f5 36. Bg2 e4 37. dxe4 fxe4 38. Qd5 Re8 39. Rc4 Qe5 40. Qxe5+
Rxe5 41. Kf1 Kf8 42. Ke2 Ke7 43. f3 exf3+ 44. Kxf3 Kd6 45. Kf2 Rc5 46. Ra4 Rc2+
0-1

[Event "4NCL Division 2a"]
[Site "Daventry, ENG"]
[Date "2020.02.09"]
[Round "6.41"]
[White "Wheeler, Darren P"]
[Black "Martin, Lewis"]
[Result "1/2-1/2"]
[WhiteElo "2327"]
[BlackElo "2198"]
[PlyCount "75"]
[EventDate "2020.02.09"]
[WhiteTeam "The ADs"]
[BlackTeam "Check Innmates"]

1. e4 c5 2. f4 d5 3. Nc3 d4 4. Nce2 Nc6 5. Nf3 e5 6. d3 Bd6 7. g3 Nf6 8. Bg2
Qc7 9. O-O Bd7 10. f5 O-O-O 11. h3 h6 12. g4 Ne7 13. Ng3 g6 14. fxg6 fxg6 15.
Nh2 Rdf8 16. Bxh6 Rxh6 17. g5 Rh7 18. Rxf6 Rxf6 19. gxf6 Ng8 20. Ng4 Rf7 21.
Qe2 Qb6 22. b3 Bc7 23. Rf1 Qe6 24. Qd2 Nxf6 25. Nxf6 Rxf6 26. Qh6 Rxf1+ 27.
Nxf1 Qf6 28. Nh2 Bd8 29. Bf3 Qa6 30. a4 Qa5 31. Bg4 Qe1+ 32. Nf1 Bxg4 33. hxg4
Bh4 34. Qf8+ Kd7 35. Qf7+ Be7 36. Qd5+ Ke8 37. Qg8+ Kd7 38. Qd5+ 1/2-1/2

[Event "4NCL Division 2a"]
[Site "Daventry, ENG"]
[Date "2020.02.09"]
[Round "6.42"]
[White "Hackett, Dave G"]
[Black "Richardson, John R"]
[Result "0-1"]
[WhiteElo "2079"]
[BlackElo "2275"]
[PlyCount "69"]
[EventDate "2020.02.09"]
[WhiteTeam "Check Innmates"]
[BlackTeam "The ADs"]

1. e4 d5 2. d4 dxe4 3. Nc3 Nf6 4. Nge2 Bf5 5. Ng3 Bg6 6. Bg5 Nbd7 7. d5 c6 8.
dxc6 bxc6 9. Be2 Qb6 10. Rb1 e6 11. O-O Bb4 12. Bd2 O-O 13. a3 Bd6 14. Be3 Qc7
15. Qd2 Rfd8 16. Rbd1 Nb6 17. Qc1 Nbd5 18. Bd2 Be5 19. Rde1 Nxc3 20. Bxc3 Bxc3
21. bxc3 Qa5 22. c4 h5 23. h4 Rd2 24. Rd1 Rad8 25. Rxd2 Rxd2 26. Rd1 Rxd1+ 27.
Qxd1 Qxa3 28. Nxh5 Nxh5 29. Bxh5 Bxh5 30. Qxh5 Qc1+ 31. Kh2 Qf4+ 32. Kg1 e3 33.
fxe3 Qxe3+ 34. Kh1 Qe1+ 35. Kh2 0-1

[Event "4NCL Division 2a"]
[Site "Daventry, ENG"]
[Date "2020.02.09"]
[Round "6.43"]
[White "Baker, Chris W"]
[Black "Richmond, Peter"]
[Result "1/2-1/2"]
[WhiteElo "2305"]
[BlackElo "2061"]
[PlyCount "57"]
[EventDate "2020.02.09"]
[WhiteTeam "The ADs"]
[BlackTeam "Check Innmates"]

1. c4 e5 2. g3 Nf6 3. Bg2 c6 4. d4 exd4 5. Qxd4 d5 6. cxd5 cxd5 7. Bg5 Be7 8.
Nc3 Nc6 9. Qa4 O-O 10. Rd1 Be6 11. Nf3 Qb6 12. Qb5 Qxb5 13. Nxb5 h6 14. Bf4
Bb4+ 15. Bd2 Bc5 16. O-O Ne4 17. Bf4 Rac8 18. Nd2 Nxd2 19. Rxd2 Rfd8 20. h4 a6
21. Nc7 Bb4 22. Rdd1 Ne7 23. Nxe6 fxe6 24. Bh3 Kf7 25. Rd3 Ng6 26. Bc1 Bd6 27.
Rb3 b5 28. f4 Ne7 29. Be3 1/2-1/2

[Event "4NCL Division 2a"]
[Site "Daventry, ENG"]
[Date "2020.02.09"]
[Round "6.44"]
[White "Parker, Francis"]
[Black "Snape, Ian L"]
[Result "1/2-1/2"]
[WhiteElo "2005"]
[BlackElo "2237"]
[PlyCount "71"]
[EventDate "2020.02.09"]
[WhiteTeam "Check Innmates"]
[BlackTeam "The ADs"]

1. Nf3 Nf6 2. d4 c5 3. d5 g6 4. b3 Bg7 5. Bb2 d6 6. Nbd2 O-O 7. e4 e6 8. dxe6
Bxe6 9. c4 Nc6 10. Be2 Nh5 11. Bxg7 Kxg7 12. O-O Nf4 13. Re1 Qf6 14. Nf1 Nxe2+
15. Qxe2 Bg4 16. N1d2 Rae8 17. h3 Nd4 18. Qd3 Bxf3 19. Nxf3 Nxf3+ 20. Qxf3 Re6
21. Qxf6+ Kxf6 22. Rad1 Ke7 23. Rd5 Re8 24. g4 Kd7 25. f3 Re5 26. Red1 Rxd5 27.
Rxd5 Re5 28. Rxe5 dxe5 29. Kf2 g5 30. Ke3 Kc6 31. Kd3 a6 32. Kc3 b5 33. cxb5+
axb5 34. a3 Kb6 35. b4 cxb4+ 36. axb4 1/2-1/2

[Event "4NCL Division 2a"]
[Site "Daventry, ENG"]
[Date "2020.02.09"]
[Round "6.46"]
[White "Burroughs, Adam"]
[Black "Tombolis, Christopher"]
[Result "1/2-1/2"]
[WhiteElo "1848"]
[BlackElo "2072"]
[PlyCount "56"]
[EventDate "2020.02.09"]
[WhiteTeam "Check Innmates"]
[BlackTeam "The ADs"]

1. e4 c5 2. Nf3 Nc6 3. Bb5 g6 4. O-O Bg7 5. c3 d6 6. h3 Bd7 7. Re1 Ne5 8. Bxd7+
Qxd7 9. Nxe5 Bxe5 10. d4 cxd4 11. cxd4 Bg7 12. Nc3 e6 13. Bf4 Ne7 14. Qd3 a6
15. Rad1 O-O 16. Qe3 d5 17. f3 Rfe8 18. Bh6 Bh8 19. g4 Rad8 20. e5 b5 21. Rc1
Rc8 22. Ne2 Rxc1 23. Rxc1 Bg7 24. Ng3 Rc8 25. Rxc8+ Qxc8 26. Bxg7 Kxg7 27. Qg5
Kf8 28. Qd2 Qc7 1/2-1/2

[Event "4NCL Division 2a"]
[Site "Daventry, ENG"]
[Date "2020.02.09"]
[Round "6.48"]
[White "Headlong, Georgia"]
[Black "Hylands, Liam M"]
[Result "1/2-1/2"]
[WhiteElo "1757"]
[BlackElo "2035"]
[PlyCount "84"]
[EventDate "2020.02.09"]
[WhiteTeam "Check Innmates"]
[BlackTeam "The ADs"]

1. e4 c5 2. Nc3 Nc6 3. g3 g6 4. Bg2 Bg7 5. d3 d6 6. Be3 Rb8 7. Qd2 b5 8. Nge2
Nd4 9. O-O e6 10. Nd1 Ne7 11. Nxd4 cxd4 12. Bh6 O-O 13. Bxg7 Kxg7 14. f4 Qb6
15. Nf2 Bd7 16. Qb4 a5 17. Qe1 Rfc8 18. Rc1 b4 19. g4 Re8 20. e5 d5 21. Nh3 a4
22. Qh4 Ng8 23. Ng5 h6 24. Nf3 b3 25. axb3 axb3 26. Qf2 bxc2 27. Rxc2 Ba4 28.
Rd2 Qa5 29. Nxd4 Rb4 30. Ne2 Reb8 31. Nc3 Qb6 32. Nxa4 Rxa4 33. Qxb6 Rxb6 34.
d4 Rab4 35. Rff2 Ne7 36. Rc2 Rxd4 37. Rc7 Rd1+ 38. Bf1 Kf8 39. Kg2 Rb1 40. Rcc2
Nc6 41. Bd3 Rd1 42. Be2 Rb1 1/2-1/2

[Event "4NCL Division 2b"]
[Site "Daventry, ENG"]
[Date "2020.01.11"]
[Round "3.51"]
[White "Zakarian, David"]
[Black "Hand, Freddie"]
[Result "1/2-1/2"]
[WhiteElo "2337"]
[BlackElo "2184"]
[PlyCount "102"]
[EventDate "2020.01.11"]
[WhiteTeam "Oxford 1"]
[BlackTeam "KJCA Kings"]

1. e4 e5 2. f4 exf4 3. Bc4 c6 4. Nc3 b5 5. Bb3 b4 6. Nce2 d5 7. exd5 Bd6 8. Nf3
Nf6 9. dxc6 Nxc6 10. d4 O-O 11. O-O Ba6 12. Re1 Qc7 13. Bd2 Na5 14. Rc1 Nxb3
15. axb3 Ne4 16. c4 bxc3 17. bxc3 Nxd2 18. Qxd2 Rab8 19. Qc2 Bb7 20. Rf1 Rfe8
21. c4 Be4 22. Qa2 Bd3 23. Rf2 Bxe2 24. Rxe2 Rxe2 25. Qxe2 Rxb3 26. c5 Rb8 27.
Qe4 Be7 28. Re1 Bf8 29. Qe5 Qxe5 30. Nxe5 f6 31. Nc6 Ra8 32. Ra1 a6 33. Ra5 Kf7
34. d5 Ke8 35. d6 Kd7 36. Rxa6 Rc8 37. Nb4 Rxc5 38. Nd3 Rc3 39. Nxf4 Bxd6 40.
Nh5 Rc1+ 41. Kf2 Bxh2 42. Nxg7 Be5 43. Nh5 Ke7 44. Ra7+ Rc7 45. Rxc7+ Bxc7 46.
Ng7 Kf7 47. Nf5 Kg6 48. Ne7+ Kg5 49. Kf3 h5 50. Nd5 Be5 51. Ne3 Bd4 1/2-1/2

[Event "4NCL Division 2b"]
[Site "Daventry, ENG"]
[Date "2020.01.11"]
[Round "3.52"]
[White "Yoon, Jacob D"]
[Black "Rose, Matthew"]
[Result "0-1"]
[WhiteElo "2091"]
[BlackElo "2248"]
[PlyCount "62"]
[EventDate "2020.01.11"]
[WhiteTeam "KJCA Kings"]
[BlackTeam "Oxford 1"]

1. e4 c5 2. Nf3 d6 3. c3 Nf6 4. Be2 Nbd7 5. Qc2 b6 6. O-O Bb7 7. d3 g6 8. Re1
Bg7 9. Bf1 Rc8 10. h3 O-O 11. a3 Qc7 12. b4 a6 13. Bb2 b5 14. Nbd2 Nb6 15. c4
Na4 16. bxc5 Nxb2 17. cxd6 exd6 18. Qxb2 Nxe4 19. d4 Nxd2 20. Nxd2 Qb8 21. c5
dxc5 22. Qc2 cxd4 23. Qd1 d3 24. Rb1 Bd4 25. Ne4 Rfd8 26. Bxd3 f5 27. Ng5 Bxf2+
28. Kh1 Bxe1 29. Qxe1 Rxd3 30. Qe7 Bxg2+ 31. Kxg2 Rd2+ 0-1

[Event "4NCL Division 2b"]
[Site "Daventry, ENG"]
[Date "2020.01.11"]
[Round "3.53"]
[White "Manley, Jon P"]
[Black "Young, Daniel J"]
[Result "1-0"]
[WhiteElo "2175"]
[BlackElo "1947"]
[PlyCount "51"]
[EventDate "2020.01.11"]
[WhiteTeam "Oxford 1"]
[BlackTeam "KJCA Kings"]

1. e4 c5 2. Nc3 g6 3. d4 cxd4 4. Qxd4 Nf6 5. Nf3 Nc6 6. Qa4 d6 7. e5 dxe5 8.
Nxe5 Bg7 9. Bb5 O-O 10. Nxc6 bxc6 11. Bxc6 Bd7 12. Bxd7 Nxd7 13. O-O Nb6 14.
Qh4 Bxc3 15. bxc3 Qc7 16. Bh6 Rfd8 17. Rae1 Rd7 18. Re3 Qc4 19. Re4 Qxc3 20.
Rxe7 Rxe7 21. Qxe7 Nd5 22. Qb7 Rd8 23. Qxa7 Nb4 24. Qa5 Rc8 25. Rd1 Nd5 26.
Qxd5 1-0

[Event "4NCL Division 2b"]
[Site "Daventry, ENG"]
[Date "2020.01.11"]
[Round "3.54"]
[White "Anilkumar, Anantha P"]
[Black "Hayward, Philip"]
[Result "0-1"]
[WhiteElo "1887"]
[BlackElo "2087"]
[PlyCount "73"]
[EventDate "2020.01.11"]
[WhiteTeam "KJCA Kings"]
[BlackTeam "Oxford 1"]

1. d4 f5 2. g3 Nf6 3. Bg2 g6 4. c4 Bg7 5. Nc3 O-O 6. Nh3 d6 7. Nf4 Na6 8. d5 e5
9. dxe6 c6 10. O-O Nc5 11. Qc2 Nxe6 12. Rd1 Qe7 13. Nxe6 Bxe6 14. Bf4 Rfd8 15.
e4 fxe4 16. Nxe4 Nxe4 17. Qxe4 Qf7 18. Qc2 Bxc4 19. Rxd6 Rxd6 20. Bxd6 Bxa2 21.
Re1 Bf6 22. f4 Qc4 23. Qxc4+ Bxc4 24. Be5 Kf7 25. Bf1 Bd5 26. Bxf6 Kxf6 27. Kf2
a5 28. Ra1 b5 29. Ke3 Ke6 30. Kd4 Kd6 31. b4 a4 32. Bd3 a3 33. Be4 Bxe4 34.
Kxe4 c5 35. bxc5+ Kxc5 36. Kd3 b4 37. Rc1+ 0-1

[Event "4NCL Division 2b"]
[Site "Daventry, ENG"]
[Date "2020.01.11"]
[Round "3.55"]
[White "McKenna, Jason P"]
[Black "Metcalfe, Charlie P"]
[Result "1-0"]
[WhiteElo "2092"]
[BlackElo "1816"]
[PlyCount "63"]
[EventDate "2020.01.11"]
[WhiteTeam "Oxford 1"]
[BlackTeam "KJCA Kings"]

1. e4 e5 2. Nf3 Nc6 3. Bb5 a6 4. Ba4 Nf6 5. O-O b5 6. Bb3 Bc5 7. c3 d6 8. d4
Bb6 9. Re1 O-O 10. Be3 h6 11. h3 Re8 12. Nbd2 exd4 13. cxd4 Na5 14. Bc2 Bb7 15.
d5 Nc4 16. Nxc4 bxc4 17. Bd4 c6 18. Ba4 Rc8 19. Qc2 Rf8 20. dxc6 Bxc6 21. Bxc6
Rxc6 22. Rad1 Ba5 23. Re2 Nd7 24. b4 Bb6 25. Red2 Qc7 26. Qc3 Bxd4 27. Nxd4 Rb6
28. Nf5 Nf6 29. Rxd6 Rxd6 30. Rxd6 Kh7 31. Rxf6 Rd8 32. Rxh6+ 1-0

[Event "4NCL Division 2b"]
[Site "Daventry, ENG"]
[Date "2020.01.11"]
[Round "3.56"]
[White "Bansal, Saahil"]
[Black "Hansen, Hans-Peter"]
[Result "0-1"]
[WhiteElo "1817"]
[BlackElo "2148"]
[PlyCount "186"]
[EventDate "2020.01.11"]
[WhiteTeam "KJCA Kings"]
[BlackTeam "Oxford 1"]

1. d4 Nf6 2. c4 e6 3. Nf3 b6 4. g3 Ba6 5. b3 Bb7 6. Bg2 Bb4+ 7. Bd2 a5 8. O-O
O-O 9. Qc2 d6 10. Bg5 a4 11. Nbd2 h6 12. Bf4 Nbd7 13. e4 e5 14. Be3 Ng4 15. Qd3
Nxe3 16. Qxe3 Qf6 17. d5 Ra7 18. Bh3 Nc5 19. Rab1 axb3 20. axb3 Ra2 21. Rfd1
Rfa8 22. Nh4 Qg5 23. Qxg5 hxg5 24. Nhf3 f6 25. g4 Bc8 26. Kg2 Kf7 27. Kg1 Ke7
28. Kg2 Rc2 29. Rdc1 Rxd2 30. Nxd2 Bxd2 31. Rc2 Bb4 32. f3 Ra3 33. Kg3 Rxb3 34.
Rxb3 Be1+ 35. Kg2 Nxb3 36. Re2 Ba5 37. Rc2 Ba6 38. Kf2 Nd4 39. Rc1 Nb3 40. Rc2
Nd4 41. Rc1 Bb4 42. Bf1 Nb3 43. Rc2 Bc5+ 44. Kg2 Kd7 45. Kg3 Be3 46. h3 Na5 47.
Bd3 c6 48. h4 gxh4+ 49. Kxh4 Ke7 50. Kg3 g6 51. Kg2 cxd5 52. exd5 f5 53. Kg3
Kf6 54. Rc3 Bd4 55. Rc2 Kg5 56. Rc1 Be3 57. Rc2 Bc8 58. Be2 e4 59. fxe4 fxe4
60. Rb2 Bd4 61. Rb1 Bd7 62. Rf1 Ba4 63. Rf7 Bc2 64. Re7 Bd3 65. Bxd3 exd3 66.
Re4 Bc5 67. Kf3 Nb3 68. Re1 Nd2+ 69. Kg3 Nxc4 70. Rd1 d2 71. Kf3 Bb4 72. Ke2
Nb2 73. Rb1 d1=Q+ 74. Rxd1 Nxd1 75. Kxd1 Kxg4 76. Kc2 Kf3 77. Kb3 Bc5 78. Kc4
g5 79. Kb5 g4 80. Kc6 Ke4 81. Kb7 Kxd5 82. Kc8 g3 83. Kb8 Kc6 84. Kc8 g2 85.
Kd8 g1=Q 86. Ke7 Qe3+ 87. Kf6 Qe5+ 88. Kg6 Qf4 89. Kh5 Qg3 90. Kh6 Kd5 91. Kh7
Ke6 92. Kh8 Kf7 93. Kh7 Qg7# 0-1

[Event "4NCL Division 2b"]
[Site "Daventry, ENG"]
[Date "2020.01.11"]
[Round "3.57"]
[White "Pozimski, Szymon"]
[Black "Hand, Nick"]
[Result "1-0"]
[WhiteElo "2011"]
[BlackElo "1250"]
[PlyCount "95"]
[EventDate "2020.01.11"]
[WhiteTeam "Oxford 1"]
[BlackTeam "KJCA Kings"]

1. e4 d5 2. exd5 Nf6 3. Bb5+ c6 4. dxc6 Nxc6 5. Nf3 Bg4 6. O-O e6 7. d4 Be7 8.
c3 O-O 9. Qe2 Qd6 10. Nbd2 a6 11. Bd3 b5 12. Rd1 Nd5 13. Ne4 Qc7 14. h3 Bh5 15.
Ng3 Bg6 16. Bxg6 hxg6 17. Ng5 Rad8 18. Nf3 Bd6 19. Ne4 Nce7 20. Nxd6 Qxd6 21.
Bg5 Rc8 22. Bxe7 Nxe7 23. Qe5 Nf5 24. Qe1 Rb8 25. Nd2 Qd5 26. a3 Nh4 27. Qe4
Nf5 28. Re1 Rfe8 29. Qf4 Qd6 30. Qxd6 Nxd6 31. Ne4 Nxe4 32. Rxe4 Rbd8 33. Kf1
Rd5 34. Ke2 g5 35. Kd3 Rc8 36. Rae1 Kh7 37. Re5 Rxe5 38. Rxe5 Kg6 39. Rc5 Ra8
40. Rc6 Kf6 41. d5 Ke7 42. Rc7+ Kd6 43. Rxf7 exd5 44. Rxg7 Rf8 45. f3 Re8 46.
Rxg5 Re1 47. Rg6+ Kc5 48. b4# 1-0

[Event "4NCL Division 2b"]
[Site "Daventry, ENG"]
[Date "2020.01.11"]
[Round "3.58"]
[White "Anilkumar, Anantha P P"]
[Black "Fu, Yuting"]
[Result "0-1"]
[WhiteElo "1276"]
[BlackElo "1900"]
[PlyCount "100"]
[EventDate "2020.01.11"]
[WhiteTeam "KJCA Kings"]
[BlackTeam "Oxford 1"]

1. e4 e5 2. Nf3 Nf6 3. d4 Nxe4 4. dxe5 d5 5. exd6 Nxd6 6. Bd3 Be7 7. Be3 Nc6 8.
a3 Bf6 9. c3 a5 10. O-O Bg4 11. Nbd2 O-O 12. Re1 Nf5 13. Bxf5 Bxf5 14. Nb3 Qxd1
15. Raxd1 Bc2 16. Rd7 Bxb3 17. Rxc7 Rab8 18. Rd7 Rfd8 19. Rd2 Rxd2 20. Nxd2 Be6
21. Ne4 Be5 22. f4 Bc7 23. Nc5 Bf5 24. h3 h5 25. Kh2 Re8 26. g3 h4 27. b4 hxg3+
28. Kxg3 g5 29. Bf2 Bxf4+ 30. Kg2 Rxe1 31. Bxe1 b6 32. Nb3 a4 33. Nd2 Ne5 34.
Nf1 Be4+ 35. Kg1 Nf3+ 36. Kf2 Nxe1 37. Kxe1 Bg2 38. c4 Bxh3 39. c5 bxc5 40.
bxc5 Bxf1 41. Kxf1 f5 42. Kg2 Kf7 43. Kf3 Ke6 44. c6 Kd5 45. Kg2 Kxc6 46. Kf3
Kc5 47. Kg2 Bc1 48. Kf3 Bxa3 49. Kg3 Bb2 50. Kf3 a3 0-1

[Event "4NCL Division 2b"]
[Site "Daventry, ENG"]
[Date "2020.01.11"]
[Round "3.61"]
[White "Cherniaev, Alexander"]
[Black "Gourlay, Iain"]
[Result "1/2-1/2"]
[WhiteElo "2427"]
[BlackElo "2341"]
[PlyCount "69"]
[EventDate "2020.01.11"]
[WhiteTeam "Barnet Knights 1"]
[BlackTeam "Alba"]

1. b3 d5 2. Bb2 e6 3. e3 Nf6 4. f4 c5 5. Nf3 Nc6 6. Bb5 Bd7 7. O-O Be7 8. Bxc6
Bxc6 9. Ne5 Rc8 10. d3 O-O 11. Nd2 d4 12. e4 Nd7 13. Nxc6 Rxc6 14. a4 Qc7 15.
Bc1 f5 16. Qf3 Kh8 17. Nc4 b6 18. Bd2 a6 19. exf5 Rxf5 20. Qe4 Nf6 21. Qe2 Nd5
22. g3 Rf8 23. Rfe1 Bf6 24. Qg2 b5 25. axb5 axb5 26. Ne5 Bxe5 27. Rxe5 c4 28.
bxc4 bxc4 29. dxc4 Rxc4 30. Rxe6 Rxc2 31. Qxd5 Rxd2 32. Rae1 Qc8 33. Re7 h6 34.
R7e6 Qa8 35. Qxa8 1/2-1/2